=LDR 00000nam 2200000 4500 =001 INLIS000000000000051 =005 20150113142253.0 =006 =007 =008 Ind =035 ##$$0010-061300000000051 =041 ##$$a Ind =082 ##$$a 909 =090 ##$$a 909 Jam h =100 ##$$a Jamaris, Edwar =245 ##$$a Hamzah Fansuri dan Nurudin Ar Raniri / Edwar Djamarih,Saksono Prijanto =260 ##$$aJakarta$bProyek Pengembangan Media Kebudayaan$c1996 =300 ##$$a 46 hlm. : ilus. ; 23 cm =650 ##$$a Kebudayaan =650 ##$$a Sejarah =710 ##$$a Proyek Pengembangan Media Kebudayaan =850 ##$$a NBPDMAT